Loading...
| Science - Other | 1 | 5 | 0 | 1 | 65 | 41 | 89.67 | 2 | 5 | 0.00 | 0.00 |
| Mythology | 2 | 3 | 0 | 0 | 60 | 21 | 74.00 | 5 | 5 | 0.00 | 0.00 |
| Philosophy | 0 | 3 | 0 | 0 | 30 | 76 | 87.00 | 1 | 3 | 0.00 | 0.00 |
| Social Science | 2 | 0 | 0 | 0 | 30 | 25 | 43.50 | 2 | 2 | 0.00 | 0.00 |
| Literature - American | 1 | 1 | 0 | 0 | 25 | 76 | 97.00 | 1 | 2 | 0.00 | 0.00 |
| Science - Physics | 0 | 2 | 0 | 1 | 20 | 70 | 100.50 | 0 | 1 | 0.00 | 0.00 |
| History - European | 1 | 1 | 1 | 0 | 20 | 43 | 82.50 | 1 | 2 | 0.00 | 0.00 |
| Fine Arts - Auditory | 1 | 0 | 0 | 0 | 15 | 26 | 26.00 | 1 | 1 | 0.00 | 0.00 |
| History - American | 1 | 0 | 0 | 0 | 15 | 72 | 72.00 | 1 | 1 | 0.00 | 0.00 |
| Science - Chemistry | 1 | 1 | 2 | 0 | 15 | 45 | 90.50 | 1 | 2 | 0.00 | 0.00 |
| Current Events | 0 | 1 | 0 | 1 | 10 | 131 | 131.00 | 0 | 1 | 0.00 | 0.00 |
| Fine Arts - Other | 0 | 1 | 0 | 0 | 10 | 140 | 140.00 | 1 | 1 | 0.00 | 0.00 |
| History - Other | 0 | 1 | 0 | 0 | 10 | 65 | 65.00 | 0 | 1 | 0.00 | 0.00 |
| Religion | 1 | 0 | 1 | 0 | 10 | 54 | 54.00 | 1 | 1 | 0.00 | 0.00 |
| Science - Biology | 0 | 1 | 1 | 0 | 5 | 83 | 83.00 | 0 | 0 | 0.00 | 0.00 |
| Literature - European | 0 | 1 | 2 | 1 | 0 | 122 | 122.00 | 0 | 1 | 0.00 | 0.00 |
| Pop Culture | 0 | 0 | 1 | 0 | -5 | 0.00 | 0 | 0 | 0.00 | 0.00 | |
| Literature - British | 0 | 0 | 1 | 0 | -5 | 0.00 | 0 | 0 | 0.00 | 0.00 | |
| Fine Arts - Visual | 0 | 0 | 1 | 0 | -5 | 0.00 | 0 | 0 | 0.00 | 0.00 |